LOS SISTEMAS POLITICOS /

Guardado en:
Detalles Bibliográficos
Autor principal: Cavero Lataillade, Iñigo (autor)
Otros autores: Zamora Rodríguez, Tomás (autor) (autor)
Formato: Libro
Temas:
Etiquetas: Agrega una etiqueta
Sin etiquetas, Sé el primero en etiquetar este registro!

MARC

LEADER 00000nam^a2200000^a^4500
001 000237729
005 20250521000000.0
009 20260310104945.6
020 |a 84-7991-046-1 
037 |a Acervo Xavier Clavigero 
082 |a 321.  |b CAV 
100 |a Cavero Lataillade, Iñigo  |e (autor) 
245 1 4 |a LOS SISTEMAS POLITICOS /  |c IÑIGO CAVERO LATAILLADE, TOMAS ZAMORA RODRIGUEZ 
264 |a Madrid, España :  |b Universitas,  |c 1996 
300 |a 612 p. 
336 |a texto  |b txt  |2 rdacontenido 
337 |a sin mediación  |b n  |2 rdamedio 
338 |a volumen  |b nc  |2 rdasoporte 
649 |a XX 
650 |a Derecho Constitucional 
650 |a Política Comparada 
650 |a Sistema Político -  |x Tema Principal 
650 |a Política -  |x Teoría 
700 |a Zamora Rodríguez, Tomás  |e (autor) 
910 |a Fondo General 
920 |a Impresos - Libros 
930 |a Colección General 
905 |a 101 
901 |a 061063  |b IT1  |c ACC  |i 061063  |u 20250521 
902 |a https://opac.biblio.iteso.mx/vufind/Record/000237729